Unjust Conditions (Record no. 54534)

MARC details
000 -LEADER
fixed length control field 01664nam a2200241Ia 4500
000 - LEADER
fixed length control field 02273naaa 00349uu
001 - CONTROL NUMBER
control field https://directory.doabooks.org/handle/20.500.12854/33433
005 - DATE AND TIME OF LATEST TRANSACTION
control field 20211222141914.0
008 - FIXED-LENGTH DATA ELEMENTS--GENERAL INFORMATION
fixed length control field 211013s9999 xx 000 0 und d
024 ## - OTHER STANDARD IDENTIFIER
Standard number or code 10.1525/luminos.49
042 ## - AUTHENTICATION CODE
Authentication code dc
100 1# - MAIN ENTRY--PERSONAL NAME
Personal name Patricia Cookson, Tara
245 #0 - TITLE STATEMENT
Title Unjust Conditions
260 ## - PUBLICATION, DISTRIBUTION, ETC.
Name of publisher, distributor, etc. University of California Press
Date of publication, distribution, etc. 2018
520 ## - SUMMARY, ETC.
Summary, etc. Unjust Conditions follows the lives and labors of poor mothers in rural Peru, richly documenting the ordeals they face to participate in mainstream poverty alleviation programs. Championed by behavioral economists and the World Bank, conditional cash transfer (CCT) programs are praised as efficient mechanisms for changing poor people's behavior. While rooted in good intentions and dripping with the rhetoric of social inclusion, CCT programs' successes ring hollow, based solely on metrics for children's attendance at school and health appointments. Looking beyond these statistics reveals a host of hidden costs for the mothers who meet the conditions. With a poignant voice and keen focus on ethnographic research, Tara Patricia Cookson turns the reader's gaze to women's care work in landscapes of grossly inadequate state investment, cleverly drawing out the tensions between social inclusion and conditionality.
540 ## - TERMS GOVERNING USE AND REPRODUCTION NOTE
Terms governing use and reproduction Creative Commons
653 ## - INDEX TERM--UNCONTROLLED
Uncontrolled term History
856 ## - ELECTRONIC LOCATION AND ACCESS
Uniform Resource Identifier <a href="https://directory.doabooks.org/handle/20.500.12854/33433">https://directory.doabooks.org/handle/20.500.12854/33433</a>
856 ## - ELECTRONIC LOCATION AND ACCESS
Uniform Resource Identifier <a href="https://library.oapen.org/bitstream/20.500.12657/43709/1/external_content.pdf">https://library.oapen.org/bitstream/20.500.12657/43709/1/external_content.pdf</a>
856 ## - ELECTRONIC LOCATION AND ACCESS
Uniform Resource Identifier <a href="www.oapen.org">www.oapen.org</a>
942 ## - ADDED ENTRY ELEMENTS (KOHA)
Koha item type E-Book
Holdings
Withdrawn status Source of classification or shelving scheme Damaged status Not for loan Home library Current library Date acquired Total Checkouts Date last seen Price effective from Koha item type
  Library of Congress Classification   Not For Loan Directory of Open Access Books Directory of Open Access Books 12/22/2021   12/22/2021 12/22/2021 E-Book

University of Rizal System
Email us at univlibservices@urs.edu.ph

Visit our Website www.urs.edu.ph/library